000 00395 a2200169 4500
001 184041
020 _a85-262-5006-X
040 _cMagnum
100 _aLarreula, Enric
240 1 0 _aAs memórias da Bruxa Onilda
_lpor
245 1 0 _aAs memórias da Bruxa Onilda
300 _a31
362 0 _a2003
440 1 _aScipione
697 _aLITERATURA INFANTO-JUVENIL ESTRANGEIRA
942 _cBK
999 _c184041
_d184041